| 000 | 00982nam a2200229Ia 4500 | ||
|---|---|---|---|
| 999 |
_c40990 _d40990 |
||
| 001 | 7638 | ||
| 003 | GE_BSU | ||
| 005 | 20240109112717.0 | ||
| 008 | 181216s1953||||ge |||||||||||||| ||geo|| | ||
| 040 | _cGE_BSU | ||
| 041 | _ageo | ||
| 080 | _a821.353.1-31 დ–88 | ||
| 100 |
_aდუდუჩავა, ვალერიან _920969 |
||
| 245 |
_aსისონა : _bრომანი / _cვალერიან დუდუჩავა ; რედ. გ. მერკვილაძე ; ილ. მხატვ.: ჭოლა კუკულაძე. |
||
| 264 |
_aსოხუმი : _bაფხაზეთის სახელგამი, _c1953. |
||
| 300 |
_a248 გვ. : _bილ. ; _c20 სმ. |
||
| 653 | _aრომანი | ||
| 653 | _aსისონა | ||
| 700 |
_aმერკვილაძე, გ. _eრედაქტორი _96822 |
||
| 700 |
_aკუკულაძე, ჭოლა _eმხატვარი _920970 |
||
| 942 |
_cBK _2udc |
||